000 00373nam a2200133Ia 4500
005 20260326100038.0
008 260326s9999||||xx |||||||||||||| ||und||
100 _aFutagawa, Yukio
245 0 _aGlobal Architecture Houses 7 :
_b Charles Moore and Company /
_cYukio Futagawa
260 _bA.D.A. Edita
300 _a235 p.
650 _aARQUITECTURA RESIDENCIAL
942 _cBK
999 _c6914
_d6914